banner koha

Hemogasometria arterial pré e pós-rinoplastia em cães braquicefálicos portadores de estenose de narina (Registro n. 328153)

MARC details
000 -LÍDER
fixed length control field 04175nab a2200349 i 4500
003 - CÓDIGO MARC DA AGÊNCIA CATALOGADORA
Campo de controle BR-BrBNA
005 - DATA E HORA DA ÚLTIMA ATUALIZAÇÃO
Campo de controle 20241017102557.0
008 - CAMPO DE TAMANHO FIXO
fixed length control field 241017b2019 bl.|r|pooa||| 00| 0 por |
040 ## - FONTE DA CATALOGAÇÃO
Agência catalogadora BR-BrBNA
Idioma da catalogação por
072 ## - CATEGORIA AGRIS
Código AGRIS L70
Código do objeto 5400
100 ## - ENTRADA PRINCIPAL - NOME PESSOAL
Nome pessoal Mendes Junior, A.F.
100 ## - ENTRADA PRINCIPAL - NOME PESSOAL
Nome pessoal Silva, G.S.O.D.
100 ## - ENTRADA PRINCIPAL - NOME PESSOAL
Nome pessoal Silva, V.M.
100 ## - ENTRADA PRINCIPAL - NOME PESSOAL
Nome pessoal Silva, S.C.G.
100 ## - ENTRADA PRINCIPAL - NOME PESSOAL
Nome pessoal Braga, S.P.
100 ## - ENTRADA PRINCIPAL - NOME PESSOAL
Nome pessoal Leite, C.R.
100 ## - ENTRADA PRINCIPAL - NOME PESSOAL
Nome pessoal Soares, A.M.B.
100 ## - ENTRADA PRINCIPAL - NOME PESSOAL
Nome pessoal Almosny, N.R.P.
245 ## - TÍTULO PRINCIPAL
Título principal Hemogasometria arterial pré e pós-rinoplastia em cães braquicefálicos portadores de estenose de narina
500 ## - NOTA GERAL
Nota geral Publicação online; 12 ref.; Summaries (En, Pt)
942 ## - ADDED ENTRY ELEMENTS (KOHA)
Koha item type Analítica
520 ## - NOTA DE RESUMO
Nota de conteúdo <br/><br/>RESUMO - Vinte e seis cães braquicefálicos portadores de estenose de narina, 22 machos e quatro fêmeas, foram submetidos à rinoplastia bilateral. Dezesseis cães eram Buldogues Franceses; dois, Buldogues Ingleses; seis, Pugs; e dois, Shih Tzus, com idade variando de seis meses a seis anos. Foram efetuadas coletas de sangue arterial para análises hemogasométricas no pré-operatório e 30 dias após a cirurgia. Para cada avaliação, foi obtida uma amostra de 0,5mL de sangue coletado da artéria femoral, em seringa plástica heparinizada. Em seguida, procedeu-se à avaliação hemogasométrica em analisador de gases sanguíneos (I-stat-Abbot®). Os resultados da hemogasometria pré e pós-rinoplastia mostraram uma redução nos valores médios de pCO2, TCO2 , HCO3- e BEecf, hematócrito e hemoglobina, e aumento de pH, pO2 e SO2, indicando melhora na condição ventilatória dos animais após a correção cirúrgica da estenose de narina. Isso posto, conclui-se que a hemogasometria arterial é um exame importante no diagnóstico da síndrome respiratória dos cães braquicefálicos, e extremamente útil no acompanhamento da resposta do paciente ao tratamento. A rinoplastia mostrou-se eficaz no tratamento da síndrome respiratória, promovendo melhora nos parâmetros hemogasométricos que indicam acidose respiratória secundária à obstrução das vias aéreas, comum nas raças braquicefálicas.<br/><br/><br/>Palavras-chave: síndrome respiratória, acidose respiratória, prolongamento de palato mole
520 ## - NOTA DE RESUMO
Nota de conteúdo <br/><br/>ABSTRACT - Twenty-six brachycephalic dogs with nostril stenosis, 22 males and four females, underwent bilateral rhinoplasty. Sixteen dogs were French Bulldogs; two, English Bulldogs; Six, Pugs; and two, Shih tzus, ranging in age from six months to six years. Blood samples were collected for hemogasometric analysis in the preoperative period and 30 days after surgery. For each evaluation, a 0.5ml sample of blood collected from the femoral artery was obtained in a heparinized plastic syringe. Hemogasometric evaluation was then performed on a blood gas analyzer (I-stat-Abbot®). The results of hemogasometry before and after rhinoplasty showed a reduction in the mean values of pCO2, TCO2, HCO3- and BEecf, hematocrit and hemoglobin, and an increase in pH, pO2 and SO2, indicating an improvement in the ventilatory condition of the animals after surgical correction of Nostril stenosis. Therefore, it is concluded that arterial hemogasometry is an important diagnostic tool for the diagnosis of brachycephalic respiratory syndrome and is extremely useful in monitoring the patient's response to treatment. Rhinoplasty was effective in the treatment of respiratory syndrome, promoting improvement in hemogasometric parameters that indicate respiratory acidosis secondary to airway obstruction, common in the brachycephalic races.<br/><br/><br/>Keywords: respiratory syndrome, respiratory acidosis, soft palate elongation
650 ## - ASSUNTO - THESAGRO
Cabeçalho tópico ou nome geográfico CÃO
650 ## - ASSUNTO - THESAGRO
Cabeçalho tópico ou nome geográfico APARELHO RESPIRATÓRIO
650 ## - ASSUNTO - THESAGRO
Cabeçalho tópico ou nome geográfico DISTÚRBIO ANIMAL
650 ## - ASSUNTO - THESAGRO
Cabeçalho tópico ou nome geográfico CIRURGIA
650 ## - ASSUNTO - THESAGRO
Cabeçalho tópico ou nome geográfico VETERINÁRIA
773 0# - ENTRADA ANALÍTICA
Host Biblionumber 1643
Registro do item 345321
Imprenta Belo Horizonte-MG Universidade Federal de Minas Gerais - Escola de Veterinaria 1983
Outro identificador 2024-5846
Título Arquivo Brasileiro de Medicina Veterinária e Zootecnia (Brazil)
ISSN 0102-0935
Colação v. 71(1) p. 137-142; (2019)
Número de controle de registro BR2024002896
856 ## - ACESSO E ENDEREÇO ELETRÔNICO
Identificador uniforme de recurso - URI https://www.scielo.br/j/abmvz/a/5PfcBw4rrcKwLPHGSS8N5DD/?format=pdf&lang=pt

Nenhum exemplar disponível.

BINAGRI

Telefone: (61)3218-2567/2388/3357/2097 - binagri@agro.gov.br

Ministério da Agricultura e Pecuária , Esplanada dos Ministérios, Bloco D, Anexo B, Brasília/DF, CEP: 70.043-900